Satellite Communications (Record no. 208061)

MARC details
000 -LEADER
fixed length control field 00465nam a2200181Ia 4500
008 - FIXED-LENGTH DATA ELEMENTS--GENERAL INFORMATION
fixed length control field 230714s9999 xx 000 0 und d
020 ## - INTERNATIONAL STANDARD BOOK NUMBER
International Standard Book Number 9780000000000
041 ## - LANGUAGE CODE
Language code of text/sound track or separate title eng
082 ## - DEWEY DECIMAL CLASSIFICATION NUMBER
Classification number 621.382'5
Item number ROD
100 ## - MAIN ENTRY--PERSONAL NAME
Personal name Roddy D.
245 ## - TITLE STATEMENT
Title Satellite Communications
250 ## - EDITION STATEMENT
Edition statement 4th ed.
260 ## - PUBLICATION, DISTRIBUTION, ETC. (IMPRINT)
Date of publication, distribution, etc. 2012
Name of publisher, distributor, etc. Tata McGraw Hill
300 ## - PHYSICAL DESCRIPTION
Extent 652
365 ## - TRADE PRICE
Currency code Rs.
Price amount 465.00
700 ## - ADDED ENTRY--PERSONAL NAME
Personal name Roddy D.
906 ## - LOCAL DATA ELEMENT F, LDF (RLIN)
d O:0339708-Jul-2013B:CR13/10805-Jul-2013
c ME ETC
b 427.8

No items available.